000 01377nam a22002177a 4500
003 OSt
005 20250225161906.0
008 250225b ||||| |||| 00| 0 spa d
020 _a9786287574212
040 _cCO-Mq BPB
041 _aspa
082 _aAN
_bPOSj
100 _aPosteguillo, Santiago;
_d1967-
_eautor
245 _aY Julia Reto a los Dioses
264 _aBogotá;
_bPlaneta,
_c2020
300 _a786 páginas;
_bTapa rustica
_c21 cm
521 _aMantenerse en lo alto es mucho más difícil que llegar. Julia está en la cúspide de su poder, pero la traición y la división familiar amenazan con echarlo todo a perder. Para colmo de males, el médico Galeno diagnostica que la emperatriz padece lo que él, en griego, llama karkinos, y que los romanos, en latín, denominan cáncer. El enfrentamiento brutal entre sus dos hijos aboca la dinastía de Julia al colapso. En medio del dolor físico y moral que padece la augusta, cualquiera se hubiera rendido. Se acumulan tantos desastres que Julia siente que es como si luchara contra los dioses de Roma. Pero, en medio del caos, una historia de amor más fuerte que la muerte, una pasión capaz de superar pruebas imposibles emerge al rescate de Julia. Nada está perdido. La partida por el control del imperio continúa.
650 _aNovela española
650 _aNovela historica
942 _2ddc
_cBKLIT
999 _c15837
_d15837